[Event "US Open-115"]
[Site "Orlando"]
[Date "2014.07.30"]
[Round "2"]
[White "Jing, Daniel A"]
[Black "Li, Ruifeng"]
[Result "0-1"]
[WhiteElo "1820"]
[BlackElo "2284"]
[PlyCount "146"]
[EventDate "2014.07.26"]
[EventType "swiss"]
[EventRounds "9"]
[EventCountry "USA"]
[SourceTitle "CBM 161 Extra"]
[Source "ChessBase"]
[SourceDate "2014.08.29"]
[SourceVersion "1"]
[SourceVersionDate "2014.08.29"]
[SourceQuality "1"]

1. d4 Nf6 2. c4 c6 3. Nc3 d5 4. Nf3 e6 5. e3 Nbd7 6. Qc2 Bd6 7. Bd3 dxc4 8. Bxc4 b5 9. Be2 Bb7 10. e4 e5 11. 0-0 0-0 12. Rd1 Qc7 13. a3 a6 14. h3 Rfe8 15. Be3 exd4 16. Nxd4 c5 17. Ndxb5 axb5 18. Nxb5 Bh2+ 19. Kh1 Qb8 20. f3 Be5 21. Rac1 Bc6 22. a4 Nh5 23. Bc4 Nb6 24. Bxc5 Nxc4 25. Qxc4 Ng3+ 26. Kg1 Rxa4 27. Qxa4 Ne2+ 28. Kh1 Nxc1 29. Rxc1 Bxb5 30. Qc2 h6 31. b4 Rd8 32. Rd1 Qa8 33. Kg1 g6 34. Be3 Rxd1+ 35. Qxd1 Kg7 36. Bd4 Bxd4+ 37. Qxd4+ Kh7 38. Qf6 Qb7 39. Qd6 Qc8 40. Kh2 Qc3 41. Qe7 Kg7 42. Qd6 Qb2 43. Qc5 Bf1 44. Qg1 Qe5+ 45. Kh1 Bb5 46. Qe3 g5 47. Qd2 Kg6 48. Qd8 Kg7 49. Qc8 h5 50. Qb7 h4 51. Qc8 Bf1 52. Qc2 Bb5 53. Qd2 Bc4 54. Qc1 Be6 55. Qe1 Kf6 56. Qd2 Ke7 57. Qc2 f6 58. Qd2 Qd6 59. Qc3 Bd7 60. Qe1 Bb5 61. Qc3 Kd7 62. Kg1 Qe5 63. Qd2+ Kc7 64. Kh1 Bc6 65. Kg1 Kb6 66. Qd8+ Kb5 67. Qf8 Kc4 68. Kh1 Bb5 69. Kg1 Kd3 70. Qf7 Bc4 71. Qb7 Qd4+ 72. Kh1 Ke2 73. Qa8 Kf1 0-1